Tony Awards for Best Musical (A-Z) Quiz Stats

Quiz Updated Jun 12, 2017

Challenge
Share
Tweet
Embed
Score 0/21 Timer 06:00
3 Plays Today
Letter Musical % Correct
CCabaret (1967), Cats (1983), A Chorus Line (1976), City of Angels (1990), Company (1971), Contact (2000), Crazy for You (1992)
87.9%
LLa Cage aux Folles (1984), Les Misérables (1987), The Lion King (1998), A Little Night Music (1973)
77.4%
PThe Pajama Game (1955), Passion (1994), The Phantom of the Opera (1988), The Producers (2001)
74%
AAin't Misbehavin' (1978), Annie (1977), Applause (1970), Avenue Q (2004)
72.6%
SThe Sound of Music (1960 tie), South Pacific (1950), Spring Awakening (2007), Sunset Boulevard (1995), Sweeney Todd: The Demon Barber of Fleet Street (1979)
71.8%
RRaisin (1974), Redhead (1959), Rent (1996)
65.9%
HHamilton (2016), Hairspray (2003), Hallelujah, Baby! (1968), Hello, Dolly! (1964), How to Succeed in Business Without Really Trying (1962)
63.3%
MMan of La Mancha (1966), Memphis (2010), Monty Python's Spamalot (2005), The Music Man (1958), My Fair Lady (1957), The Mystery of Edwin Drood (1986)
60.1%
BBig River (1985), Billy Elliot the Musical (2009), The Book of Mormon (2011), Bye Bye Birdie (1961)
55.6%
KThe King and I (1952), Kismet (1954), Kiss Me, Kate (1949), Kiss of the Spider Woman (1993), Kinky Boots (2013)
54.8%
FFiddler on the Roof (1965), Fiorello! (1960 tie), Fosse (1999), Fun Home (2015), A Funny Thing Happened on the Way to the Forum (1963)
51.7%
Letter Musical % Correct
#1776 (1969), 42nd Street (1981)
41.7%
EEvita (1980)
40.7%
GGuys and Dolls (1951), A Gentleman's Guide to Love and Murder (2014)
37.2%
WThe Will Rogers Follies (1991), The Wiz (1975), Wonderful Town (1953)
34.5%
JJerome Robbins' Broadway (1989), Jersey Boys (2006)
34.3%
TThoroughly Modern Millie (2002), Titanic (1997), Two Gentlemen of Verona (1972)
30%
IIn the Heights (2008)
27.4%
OOnce (2012)
27.3%
DDear Evan Hansen (2017), Damn Yankees (1956)
26.4%
NNine (1982)
23.7%

You're not logged in!

Compare scores with friends on all Sporcle quizzes.
Sign Up with Email
OR
Log In

You Might Also Like...

Show Comments

Extras

Top Quizzes Today


Score Distribution

Your Account Isn't Verified!

In order to create a playlist on Sporcle, you need to verify the email address you used during registration. Go to your Sporcle Settings to finish the process.

Report this User

Report this user for behavior that violates our Community Guidelines.

Details: